Name That TV Intro 9 Quiz Stats

 Plays Quiz not verified by Sporcle

Challenge
Share
Tweet
Score 0/28 Timer 07:00
0 Plays Today
Hint Answer % Correct
1:09 - 1:14Family Guy
93.1%
2:02 - 2:09Inspector Gadget
80.9%
0:57 - 1:02Punk'd
68.2%
0:14 - 0:19Recess
67.6%
3:49 - 2:54Dexter's Laboratory
66.5%
2:09 - 2:15Dawson's Creek
63.6%
2:29 - 2:35The Suite Life Of Zack & Cody
61.8%
2:36 - 2:41Charmed
61.8%
1:43 - 1:49Thundercats
54.9%
0:20 - 0:26Happy Days
52.6%
2:42 - 2:48Fraggle Rock
46.2%
1:15 - 1:21Sleepy Hollow
43.9%
1:56 - 2:01Episodes
41%
2:22 - 2:28Invader ZIM
35.8%
Hint Answer % Correct
2:55 - 3:01Awkward
26.6%
1:36 - 1:42Go On
25.4%
0:40 - 0:45Fullmetal Alchemist
23.1%
0:46 - 0:50Queer As Folk
20.8%
1:03 - 1:09A Bit Of Fry & Laurie
19.7%
0:27 - 0:32Early Edition
15%
0:07 - 0:13Garth Marenghi's Darkplace
9.2%
0:00 - 0:06Strike Back
8.7%
1:22 - 1:29Greg The Bunny
8.7%
1:29 - 1:35Rectify
6.4%
2:16 - 2:22Whitechapel
6.4%
1:50 - 1:56The Whitest Kids U'Know
5.8%
0:33 - 0:39John From Cincinnati
4.6%
0:51 - 0:57Millennium
4%

You're not logged in!

Compare scores with friends on all Sporcle quizzes.
Join for Free
OR
Log In

You Might Also Like...

Show Comments

Extras

Top Quizzes Today


Score Distribution

Your Account Isn't Verified!

In order to create a playlist on Sporcle, you need to verify the email address you used during registration. Go to your Sporcle Settings to finish the process.

Report this User

Report this user for behavior that violates our Community Guidelines.

Details: